000
00221nam a2200085Ia 4500
245
0
_a
Single-celled organisms
100
_a
Kite, Pat London, 2009
_9
86342
942
_c
BK
008
210817s9999 xx 000 0 und d
999
_c
329539
_d
329538